000 00714nam a2200193 i 4500
001 180487
003 ES-MaACL
005 20230906221118.0
008 120608s1973 sp |||| | spa d
080 _a546.75(043.2)
100 1 _aCasabó Gispert, Jaime.
_9150424
245 1 0 _aSales de ditionatopentammin cromo (III) /
_cpor Jaime Casabó Gispert.
260 _aBarcelona :
_bUniversidad de Barcelona, Secretariado de Publicaciones, Intercambio Científico y Extensión Universitaria,
_c1973.
300 _a17 p. ;
_c24 cm.
502 _aTesis-Universidad Barcelona (Extracto)
650 4 _aCompuestos inorgánicos.
_9150425
710 2 _aUniversidad de Barcelona.
_97141
852 _aES-MaACL
_jE-15362(76)
999 _c180487
_d180487